00864nam a2200193 i 4500001000700000003000900007005001700016007000300033008004100036100002200077245008900099260003300188300002000221505030300241600002300544600003400567651004500601852002400646150845ES-MaACL20251103200237.0t|071114s1909 fr ||||1| fre d1 aBourgeois, Emile.13aLa diplomatie secrète au XVIIIe siècle : bses débuts / cpar Emile Bourgeois. aParis : bA. Colin, c[1909] a3 v. ; c25 cm.8 aContiene: I. Le secret du régent et la politique de l'abbé Dubois (triple et quadruple alliances) (1716-1718) - II. Le secret des Farnése, Philippe V et la politique d'Alberoni - III. Le secret de Dubois, cardinal et premier ministre [la guerre, la paix, l'alliance avec l'Espagne, 1718-1723]14aDubois, Guillaume.14aAlberoni, Giulio, d1664-1752 4aFrancia-xHistoria-y1715-1774, Luis XV. aES-MaACLjF-5931-33